| 000 | 01140nam0a2200313 4500 | ||
|---|---|---|---|
| 001 | RU\NLR\bibl\1474060 | ||
| 005 | 20260408195540.0 | ||
| 010 |
_a978-5-389-00032-2 _920000 |
||
| 021 |
_aRU _b2009-103446 _96587 |
||
| 035 | _a(NLR Aleph) 001465734 | ||
| 090 |
_a1611776 _c1611776 |
||
| 100 | _a20100216d2010 |||y0rusy50 ca | ||
| 101 | 0 | _arus | |
| 102 | _aRU | ||
| 105 | _aabch||||||||| | ||
| 200 | 1 |
_aНамедни _iНаша эра, 1981-1990 _e[события, люди, явления] _fЛеонид Парфенов |
|
| 210 |
_aМосква _cКоЛибри _d2010 |
||
| 215 |
_a285, [2] c. _cил., цв. ил., факс., портр., карт. _d33 |
||
| 606 | 1 |
_aНовейшая история _z1980 - 1990-ые гг. _92285990 _3RU\NLR\auth\661369328 |
|
| 607 |
_aСССР _xИстория _z1980 - 1991 _3RU\NLR\auth\661399577 _92341529 |
||
| 686 | _aТ3(2)73,02 | ||
| 686 | _aТ3(2)74,02 | ||
| 686 | _aТ3(0)63,02 | ||
| 700 | 1 |
_aПарфенов _bЛ. Г. _f1960- _gЛеонид Геннадьевич _4070 |
|
| 801 | 0 |
_aRU _bNLR _c20100216 _gRCR |
|
| 801 | 1 |
_aRU _bNLR _c20100216 |
|
| 942 | _cBOOK | ||
| 980 | _aNB | ||